000 00431nam a2200181Ia 4500
001 3785
005 20260306145709.0
008 260306t2001||||xx |||||||||||||| ||spa||
041 _aESP
082 _a303.4
_bZ99
100 _aBauman, Zygmunt
_eAUT
245 0 _aLa globalización:
_bconsecuencias humanas
260 _c2001
300 _a171 pƔginas :
_c21 cm.
650 _aGEN
654 _aCHU
942 _cLIB
_dJUS
_fJUS
_2ddc
_n
999 _c3785
_d3785